Southville International School and Colleges
Your cart is empty.
  • Cart
  • Lists
    Public lists Eva Luna New books Lux_list list_1
    Your lists Log in to create your own lists
  • Log in to your account
  • Your cookies
  • Search history
Southville International School and Colleges
  • Advanced search
  • Recent comments
  • Most popular
  • Libraries

Log in to your account

Log in with GOOGLE


If you do not have an external account, but do have a local account, you can still log in:

  1. Home
  2. MARC view: Mastering american english :
Normal view MARC view ISBD view

Mastering american english : (Record no. 12785)

[ view plain ]
MARC details
000 -LEADER
fixed length control field 00740nam a2200217 a 4500
003 - CONTROL NUMBER IDENTIFIER
control field PILC
005 - DATE AND TIME OF LATEST TRANSACTION
control field 20151028115536.0
008 - FIXED-LENGTH DATA ELEMENTS--GENERAL INFORMATION
fixed length control field 070911s19uu xx 00 eng d
020 ## - INTERNATIONAL STANDARD BOOK NUMBER
International Standard Book Number 4805307838
050 ## - LIBRARY OF CONGRESS CALL NUMBER
Classification number PE 1111
Item number .H4724 1956
100 ## - MAIN ENTRY--PERSONAL NAME
Personal name Hayden, Rebecca E.
245 ## - TITLE STATEMENT
Title Mastering american english :
Remainder of title a handbook + workbook of essentials /
Statement of responsibility, etc Rebecca E. Hayden, Dorothy W. Pilgrim, Aurora Quiros Haggard.
260 ## - PUBLICATION, DISTRIBUTION, ETC. (IMPRINT)
Place of publication, distribution, etc Tokyo :
Name of publisher, distributor, etc Tuttle Publishing,
Date of publication, distribution, etc 1998 (c1956)
300 ## - PHYSICAL DESCRIPTION
Extent 260 p. :
Other physical details ill. ;
Dimensions 27 cm.
650 ## - SUBJECT ADDED ENTRY--TOPICAL TERM
Topical term or geographic name as entry element English language
General subdivision United States
-- Grammar.
650 ## - SUBJECT ADDED ENTRY--TOPICAL TERM
Topical term or geographic name as entry element English language
General subdivision United States
-- Composition.
700 ## - ADDED ENTRY--PERSONAL NAME
Personal name Pilgrim, Dorothy W.
700 ## - ADDED ENTRY--PERSONAL NAME
Personal name Haggard, Aurora Quiros
942 ## - ADDED ENTRY ELEMENTS (KOHA)
Koha item type Books
Source of classification or shelving scheme Library of Congress Classification
Holdings
Withdrawn status Lost status Source of classification or shelving scheme Damaged status Home library Current library Shelving location Date acquired Total Checkouts Full call number Barcode Date last seen Copy number Price effective from Koha item type
    Library of Congress Classification   Luxembourg Library Luxembourg Library International Baccalaureate Section 03/05/2009   PE 1111 .H4724 1956 16637 10/10/2013 1 10/10/2013 Books

Mastering american english :

APA

Hayden R. E., Pilgrim D. W. & Haggard A. Q. (19981956). Mastering american english. Tokyo: Tuttle Publishing.

Chicago

Hayden Rebecca E, Pilgrim Dorothy W and Haggard Aurora Quiros. 19981956. Mastering american english. Tokyo: Tuttle Publishing.

Harvard

Hayden R. E., Pilgrim D. W. and Haggard A. Q. (19981956). Mastering american english. Tokyo: Tuttle Publishing.

MLA

Hayden Rebecca E, Pilgrim Dorothy W and Haggard Aurora Quiros. Mastering american english. Tokyo: Tuttle Publishing. 19981956.

  • Place hold
  • Print
  • Cite
  • Add to your cart (remove)
  • Save record
    BIBTEX Dublin Core MARCXML MARC (non-Unicode/MARC-8) MARC (Unicode/UTF-8) MARC (Unicode/UTF-8, Standard) MODS (XML) RIS
  • More searches
    Search for this title in:
    Other Libraries (WorldCat) Other Databases (Google Scholar) Online Stores (Bookfinder.com) Open Library (openlibrary.org)

Exporting to Dublin Core...

SOUTHVILLE LIBRARY

Southville International School and Colleges Library

1281 Tropical Ave. Cor. Luxembourg St., BF Homes International, Las Pinas City

Tel. No. 8256374 / 252358 Loc. 117/146

Powered by Koha